| 000 | 00667nam a22002172 4500 | ||
|---|---|---|---|
| 001 | 0000005034 | ||
| 005 | 20151217151950.0 | ||
| 008 | 070605s xx 000 0 eng d | ||
| 020 | _a9966410503 : | ||
| 040 |
_aKABU _cKABU |
||
| 050 | 0 |
_aT174.3 _b.J86 |
|
| 100 | 1 |
_aJuma, Calestous. _@0000150310 |
|
| 245 | 1 | 0 |
_aTechnology transfer and sustainable development : _binternational policy issues / _cCalestous Juma, J. B. Ojwang. |
| 260 |
_aNairobi : _bActs, _c1992. |
||
| 300 | _a40 p. | ||
| 650 | 0 |
_aTechnology transfer. _@0000156090 |
|
| 700 | 1 |
_aOjwang, J. B. _@0000150315 |
|
| 908 | _a070605 | ||
| 950 | _@1 | ||
| 999 |
_c6812 _d6812 |
||